Mi historia /

Kaydedildi:
Detaylı Bibliyografya
Yazar: Bergman, Ingrid (autor.)
Diğer Yazarlar: Burgess, Alan (autor.), Sarti, Cayetana (traductor.)
Materyal Türü: Ekitap
Dil:İspanyolca
Baskı/Yayın Bilgisi: Málaga : Cult Books, 2020.
Konular:
Online Erişim:https://elibro.unach.elogim.com/es/lc/unach/titulos/289414
Etiketler: Etiketle
Etiket eklenmemiş, İlk siz ekleyin!

MARC

LEADER 00000nam a2200000 i 4500
001 ELB289414
003 FINmELB
005 20251222101408.0
006 m o u
007 cr cn|||||||||
008 251222s2020 sp o 000 0 spa d
020 |z 9788412253863 
035 |a (OCoLC)1564682293 
040 |a FINmELB  |b spa  |e rda  |c FINmELB 
050 1 4 |a PN2778.B43  |b B499 2020 
080 |a 929:791 
082 0 4 |a 791.430280924  |2 23 
100 1 |a Bergman, Ingrid,  |e autor. 
245 1 0 |a Mi historia /  |c Ingrid Bergman ; con la colaboración de Alan Burgess ; traducción, Cayetana Sarti. 
264 1 |a Málaga :  |b Cult Books,  |c 2020. 
300 |a 1 recurso en línea (447 páginas) 
336 |a texto  |b txt  |2 rdamedia/spa 
337 |a computadora  |b c  |2 rdamedia/spa 
338 |a recurso en línea  |b cr  |2 rdacarrier/spa 
588 |a Descripción basada en metadatos suministrados por el editor y otras fuentes. 
590 |a Recurso electrónico. Santa Fe, Arg.: elibro, 2025. Disponible vía World Wide Web. El acceso puede estar limitado para las bibliotecas afiliadas a elibro. 
650 4 |a Bergman, Ingrid,  |d 1915-1982. 
655 4 |a Libros electrónicos. 
700 1 |a Burgess, Alan,  |e autor. 
700 1 |a Sarti, Cayetana,  |e traductor. 
797 2 |a elibro, Corp. 
856 4 0 |u https://elibro.unach.elogim.com/es/lc/unach/titulos/289414